| 000 | 00355cam a2200133ua 4500 | ||
|---|---|---|---|
| 041 |
_aeng _h |
||
| 082 |
_a332.4 _bGRO/OU |
||
| 100 | _aCrowther, Geoffrey . | ||
| 245 |
_aOutline of money / _cGeoffrey Growther. _hTextual Documents |
||
| 260 |
_aLondon : _bEnglish Language Book Society , _c1962. |
||
| 300 | _a417 ; . | ||
| 942 | _cBK | ||
| 999 |
_c2299 _d2299 |
||